000 00687nam a22002292 4500
001 33240
003 BD-RjUL
005 20211209051954.0
008 140430s1966 enka 000 0 eng d
035 _a(BD-RjUL)33331
_aOCLC ocm09871433 from D970226M
040 _aRecon SWW
_cSWW
_dEQO
_dBD-RjUL
_beng
041 _aeng
082 0 4 _219
_a302
_bVAS 1966
100 1 _aVasudeva Moorthy, M.
_9100932
245 1 0 _aSocial action /
_cby M. Vasudervamoorthy.
260 _aLondon :
_bAsia Publishing House,
_cc1966.
300 _ax, 91 p. :
_bdiagr.
_c22 cm.
504 _aIncludes index.
650 0 _aSocial action.
_9100933
650 0 _aCommunity organization.
_9100934
942 _2ddc
_cBK
999 _c33240
_d33240